Countries bombed by the United States after WWII - Statistics

General Stats
  • This quiz has been taken 112 times
    58 since last reset
  • The average score is 19 of 27
Answer Stats
Hint Answer % Correct
1987/1998/2020 Iran
100%
1991/2014 Iraq
98%
1998/2001 Afghanistan
89%
1961 Vietnam
89%
1959 Cuba
87%
1950 China
79%
2026 Venezuela
79%
1986/1989/2011 Libya
77%
2014 Syria
77%
1991 Kuwait
75%
1950 Korea
74%
1964 Laos
74%
1969 Cambodia
72%
1982 Lebanon
72%
1999 Serbia
68%
1992/2011 Somalia
68%
1964 (former colony) Belgian Congo
64%
1995 Bosnia
62%
1998 Sudan
62%
1958 Indonesia
60%
1989 Panama
60%
1981 Nicaragua
57%
1981 El Salvador
51%
1983 Grenada
51%
1954/1960/1964/1967 Guatemala
51%
1965 Dominican Republic
49%
1965 Peru
49%
No matching quizzes found
Score Distribution
Percent of People with Each Score
Percentile by Number Answered
Your Score History
You have not taken this quiz since the last reset